000 00258nam a2200109Ia 4500
008 190911s9999||||xx |||||||||||||| ||und||
100 _aKhawja Amjad Saeed
245 0 _aEconomy Of Pakistan
260 _aLahore
_bRoyal Book
_c2003
300 _a607
942 _cBK
999 _c6875
_d6875